| 000 | 00488cam a2200205 4500 | ||
|---|---|---|---|
| 001 | D6108 | ||
| 008 | 090401t1983 xxu||||| |||| 00| 0 eng d | ||
| 035 | _a(Sirsi) u85482 | ||
| 041 | _aeng | ||
| 050 | _a658.1552 | ||
| 100 | _aJelen, Frederic C | ||
| 245 | _aCost and optimization engineering | ||
| 250 | _a2nd | ||
| 260 |
_aNew York _bMcGraw Hill Book Co _c1983 |
||
| 300 | _axix. 538p. 24cm | ||
| 350 | _a26.95 | ||
| 700 | _aBlack, James H | ||
| 942 | _n0 | ||
| 948 | _c04/03/1997 | ||
| 999 |
_c97048 _d97048 |
||